000 00992nam a2200133Ia 4500
008 100328s9999 xx 000 0 und d
082 _b67355
100 _aदातार श्री.वा.
245 _aसंस्था नोंदणी आिानियम,1860 व महाराष्ट्र संस्था नोंदणी उपविाी (नियम),1971 परामर्ष व मार्गदर्शन.
260 _bचौारी.
630 _aसंस्था नोंदणी आिानियम,1860 व महाराष्ट्र संस्था नोंदणी उपविाी (नियम),1971 परामर्ष व मार्गदर्शन.
730 _aसंस्था नोंदणी आिानियम,1860 व महाराष्ट्र संस्था नोंदणी उपविाी (नियम),1971 परामर्ष व मार्गदर्शन.
942 _cBOOK
999 _c553094
_d553091